00944nam a2200265 a 450000100060000000300080000600500170001400800410003103500190007203500180009104000340010904100080014308200220015110000390017324501100021226000350032230000210035760000390037860000410041765000160045865000400047494200120051499900170052695201350054345219BD-RjUL20211209054000.0160725s1960 ne 000 0 eng  a(BD-RjUL)45337 a(OCoLC)505576 aDLCcODaWUdDLCdBD-RjULbeng aeng 223a340bREP 19601 aRemec, Peter Pavel,d1925-913853514aThe position of the individual in international law according to Grotius and Vattel /cPeter Pavel Remec. aThe Hague,bM. Nijhoff,c1960. a260 p. ;c25 cm.10aGrotius, Hugo,d1583-1645.913853610aVattel, Emer de,d1714-1767.9138537 0aLaw9138538 0aPersons (International law)9138539 2ddccBK c45219d45219 00102ddc40708NFICaRUCLbRUCLcStackd1967-11-23eZeitlingerg36.00l0o340 REP 1960r2016-07-25 00:00:00tC-2w2016-07-25yBK